<?xml version="1.0" encoding="UTF-8"?>
<record
    xmlns:xsi="http://www.w3.org/2001/XMLSchema-instance"
    xsi:schemaLocation="http://www.loc.gov/MARC21/slim http://www.loc.gov/standards/marcxml/schema/MARC21slim.xsd"
    xmlns="http://www.loc.gov/MARC21/slim">

  <leader>01886nam a22002537a 4500</leader>
  <controlfield tag="003">DO-SdBNP</controlfield>
  <controlfield tag="005">20220725112634.0</controlfield>
  <controlfield tag="007">ta</controlfield>
  <controlfield tag="008">220705b2001    |||||||| |||| 001 0 spa d</controlfield>
  <datafield tag="040" ind1=" " ind2=" ">
    <subfield code="a">DO-SdBNP</subfield>
    <subfield code="b">spa</subfield>
    <subfield code="c">BNPHU</subfield>
  </datafield>
  <datafield tag="082" ind1="4" ind2=" ">
    <subfield code="2">22</subfield>
    <subfield code="a">352.28</subfield>
    <subfield code="b">R426r </subfield>
  </datafield>
  <datafield tag="110" ind1="1" ind2="0">
    <subfield code="a">Rep&#xFA;blica  Dominicana. </subfield>
    <subfield code="b">Oficina Nacional de Administraci&#xF3;n y Personal</subfield>
    <subfield code="9">81949</subfield>
  </datafield>
  <datafield tag="245" ind1="1" ind2="0">
    <subfield code="a">Reforma del Estado :</subfield>
    <subfield code="b">gu&#xED;a de servicios p&#xFA;blicos / </subfield>
    <subfield code="c">Oficina Nacional de Administraci&#xF3;n P&#xFA;blica ( ONAP)</subfield>
  </datafield>
  <datafield tag="260" ind1=" " ind2=" ">
    <subfield code="a">Santo Domingo :</subfield>
    <subfield code="b">ONAP,</subfield>
    <subfield code="c">2001.</subfield>
  </datafield>
  <datafield tag="300" ind1=" " ind2=" ">
    <subfield code="a"> v. ; : </subfield>
    <subfield code="b">il.;</subfield>
    <subfield code="c">21 cm</subfield>
    <subfield code="e">(43 hojas)</subfield>
  </datafield>
  <datafield tag="490" ind1=" " ind2=" ">
    <subfield code="a">Servicios e instituciones</subfield>
    <subfield code="v">v.1</subfield>
    <subfield code="v">v.2</subfield>
  </datafield>
  <datafield tag="500" ind1=" " ind2=" ">
    <subfield code="a">Cooperaci&#xF3;n del proyecto PAIRE de la Uni&#xF3;n Europea y la Oficina del Ordenador Nacional para los Fondos Europeos de Desarrolo.</subfield>
  </datafield>
  <datafield tag="505" ind1=" " ind2=" ">
    <subfield code="g">v.1</subfield>
    <subfield code="a">Presidencia de la Rep&#xFA;blica -- Secretar&#xED;ado Admisntrativo de la Presidencia -- Secretariado T&#xE9;cnico de la Presidencia -- Secretar&#xED;a de Estado de Deportes, Educaci&#xF3;n F&#xED;sica y Recreaci&#xF3;n  -- Secretar&#xED;a de Estado de Educaci&#xF3;n  -- Secretar&#xED;a de Estado de Finanzas -- Secretar&#xED;a de Estado de Las Fuerzas Armadas  -- Secretar&#xED;a de Estado de Industria y comercio -- Secretar&#xED;a de Estado de Cultura --  Secretar&#xED;a de Estado de Recursos Naturales y Medio Ambiente -- Secretar&#xED;a de Estado de la Juventud -- Secretar&#xED;a de Estado de  Interior y Polic&#xED;a -- Secretar&#xED;a de Trabajo -- Secretar&#xED;a de Estado de Relaciones Exteriores-- Secretar&#xED;a de Estado de Turismo.</subfield>
  </datafield>
  <datafield tag="505" ind1=" " ind2=" ">
    <subfield code="g">v.2. </subfield>
    <subfield code="a">Secretar&#xED;a de Estado de obras P&#xFA;blicas y Comunicaciones -- Secretar&#xED;a de Estado de Agricultura -- Secretar&#xED;a de Estado de Salud P&#xFA;blica y Asistencia Social -- Organismos especiales -- Organismos descentralizados -- </subfield>
  </datafield>
  <datafield tag="590" ind1=" " ind2=" ">
    <subfield code="a">Inventariado, 2022 / SA</subfield>
  </datafield>
  <datafield tag="650" ind1="4" ind2="0">
    <subfield code="a">Administraci&#xF3;n p&#xFA;blica</subfield>
    <subfield code="x">Directorios</subfield>
    <subfield code="9">81936</subfield>
    <subfield code="z">Rep&#xFA;blica Dominicana </subfield>
  </datafield>
  <datafield tag="650" ind1="4" ind2="0">
    <subfield code="a">Servicios P&#xFA;blicos</subfield>
    <subfield code="9">81952</subfield>
  </datafield>
  <datafield tag="942" ind1=" " ind2=" ">
    <subfield code="2">ddc</subfield>
    <subfield code="c">LBS1</subfield>
  </datafield>
  <datafield tag="952" ind1=" " ind2=" ">
    <subfield code="0">0</subfield>
    <subfield code="1">0</subfield>
    <subfield code="2">ddc</subfield>
    <subfield code="5">1</subfield>
    <subfield code="7">0</subfield>
    <subfield code="8">PD</subfield>
    <subfield code="a">BNPHU</subfield>
    <subfield code="b">BNPHU</subfield>
    <subfield code="c">CT</subfield>
    <subfield code="d">2018-07-10</subfield>
    <subfield code="e">Donado</subfield>
    <subfield code="o">BNPHU PD 352.28 R426r</subfield>
    <subfield code="p">2022-3362</subfield>
    <subfield code="r">2022-07-06</subfield>
    <subfield code="t">V.1</subfield>
    <subfield code="w">2022-07-06</subfield>
    <subfield code="y">LBS1</subfield>
  </datafield>
  <datafield tag="952" ind1=" " ind2=" ">
    <subfield code="0">0</subfield>
    <subfield code="1">0</subfield>
    <subfield code="2">ddc</subfield>
    <subfield code="5">1</subfield>
    <subfield code="7">0</subfield>
    <subfield code="8">PD</subfield>
    <subfield code="a">BNPHU</subfield>
    <subfield code="b">BNPHU</subfield>
    <subfield code="c">CT</subfield>
    <subfield code="d">2018-07-10</subfield>
    <subfield code="e">Donado</subfield>
    <subfield code="o">BNPHU PD 352.28 R426r </subfield>
    <subfield code="p">2022-3461</subfield>
    <subfield code="r">2022-07-18</subfield>
    <subfield code="t">V.2</subfield>
    <subfield code="y">LBS1</subfield>
  </datafield>
  <datafield tag="999" ind1=" " ind2=" ">
    <subfield code="c">52139</subfield>
    <subfield code="d">52139</subfield>
  </datafield>
</record>
